|
|
|
|
| LEADER |
00903nam a2200229 a 4500 |
| 008 |
100331r1997 ii b 001 0 eng d |
| 020 |
|
|
|a 8170125782
|
| 082 |
0 |
0 |
|a 342.54/02
|2 21
|
| 100 |
1 |
|
|a Shukla, V. N.
|q (Vijaya Narain)
|
| 240 |
1 |
0 |
|a Constitution of India
|
| 245 |
1 |
0 |
|a V.N. Shukla's Constitution of India.
|
| 260 |
|
|
|a Lucknow, India :
|b Eastern Book Co.,
|c 1997 [reprinted].
|
| 300 |
|
|
|a 1 v. (various pagings) ;
|c 25 cm.
|
| 504 |
|
|
|a Includes bibliographical references and index.
|
| 541 |
1 |
|
|e 00012565
|
| 650 |
|
0 |
|a Constitutions
|z India.
|
| 650 |
|
0 |
|a Constitutional law
|z India.
|
| 700 |
1 |
|
|a Singh, Mahendra Pal,
|d 1940-
|
| 740 |
0 |
|
|a Constitution of India.
|
| 852 |
4 |
|
|a Ayesha Abed Library
|j General Shelf
|
| 999 |
|
|
|c 7934
|d 7934
|
| 952 |
|
|
|0 0
|1 0
|2 ddc
|4 0
|6 342_540200000000000_SHU
|7 0
|9 8912
|a BRACUL
|b BRACUL
|c GEN
|d 2010-03-31
|g 562.00
|l 4
|m 2
|o 342.5402 SHU
|p 3010012565
|r 2018-04-16
|s 2018-04-11
|t 1
|w 2010-03-31
|y BK
|